Causes of staff redundancy in companies

Analýza príčin odchodu zamestnancov z podnikov na Slovensku.

Na minha lista:
Detalhes bibliográficos
Autor principal: Matkovčíková, Natália, 1982-
Outros Autores: Andrejčák, Martin
Formato: Capítulo de Livro
Idioma:eslovaco
Assuntos:
Tags: Adicionar Tag
Sem tags, seja o primeiro a adicionar uma tag!

MARC

LEADER 00000nla a2200000 4500
001 0180813
005 20240502083424.7
041 0 |a slo 
044 |a CZ 
245 1 0 |a Causes of staff redundancy in companies  |c Natália Matkovčíková, Martin Andrejčák 
520 |a Analýza príčin odchodu zamestnancov z podnikov na Slovensku. 
610 2 0 |a podnik 
610 2 0 |a zamestnanci 
610 2 0 |a manažéri 
610 2 0 |a výpoveď 
610 2 0 |a fluktuácia 
100 1 |a Matkovčíková, Natália, 1982- 
700 1 |a Andrejčák, Martin